1087 1156 1803 1103 1038 1444 1612 1757 1694 1941 1874 1240 1874 1051 1138 1289 1423 1802 1587 1351 1654 1469 1315 1276 1101 1406 1150 1889 1163 1831 1304 1526 1565 1953 1233 1777 1097 1154 1471 1421 1648 1548 1473 1822 1376 1938 1772 1407 1792 1489 1663 1914 1510 1173 1499 1553 1421 1945 1537 1530 1418 1594 1931 1527 1361 1749 1281 1785 1730 1772 1552 1375 1426 1867 1085 1877 1864 1694 1471 1517 1236 1857 1928 1308 1599 1887 1406 1124 1582 1797 1388 1171 1143 1046 1085 1447 1831 1840 1944 BCNSPRNW ULIB Ver.6.0+V

เปลี่ยนเป็นภาษาไทย

Change to English
 แสดงรายละเอียดบรรณานุกรม
  กลับหน้าหลัก

Brief Record : Get Marc (ISO 2709) : E-mail record : QR code < ปิดหน้าต่าง
LEADER : 00000nam 2200000uu 4500
001    13399111834
003     ULIB
008    110627s||||||||th 000 0 tha d
020    9786167081571
090    นว.^bอ427ส มปป.
100 0  อลิลศรา
245 00 เสน่ห์าในเพลิงทราย/^cอลิลศรา
250    พิมพ์ครั้งที่ 1
260    กรุงเทพฯ :^bกรีนมายด์,^cมปป.
300    288 หน้า
710 1  กรีนมายด์
945    ^p199^l0^i028041
995    ทศพร
999 ^a ใช้งานได้ทุกระบบ
รายการนี้ยังไม่มีแท็ก
คุณยังไม่ได้ล็อกอิน คุณสามารถมีกิจกรรมร่วมกับเว็บไซต์ได้ แต่ต้องล็อกอินก่อน ::
  ล็อกอิน

รายการสื่อสารสนเทศ

ลำดับที่ ประเภท เลขเรียก/บาร์โค้ด สถานที่ สถานะ
- ไม่พบข้อมูล -

รายการใกล้เคียง
    ผู้แต่ง [อลิลศรา]

BibComment


ยังไม่เคยถูกคอมเมนท์

คอมเมนท์ทรัพยากรรายการนี้
  คอมเมนท์: เสน่ห์าในเพลิงทรา..


 Copyright 2026. Bcnsprnw @Library